Problems in stellar atmospheres and envelopes (Record no. 4827)

MARC details
000 -LEADER
fixed length control field 00623nam a2200205Ia 4500
003 - CONTROL NUMBER IDENTIFIER
control field IN-BaIIA
008 - FIXED-LENGTH DATA ELEMENTS--GENERAL INFORMATION
fixed length control field 211028s9999 xx 000 0 eng d
020 ## - INTERNATIONAL STANDARD BOOK NUMBER
International Standard Book Number 0-540-07092-3
040 ## - CATALOGING SOURCE
Transcribing agency IIA Library
080 ## - UNIVERSAL DECIMAL CLASSIFICATION NUMBER
Universal Decimal Classification number 524.3-852
Item number PRO
245 #0 - TITLE STATEMENT
Title Problems in stellar atmospheres and envelopes
Statement of responsibility, etc. edited by B. Baschek, W. H. Kegel and G. Traving
260 ## - PUBLICATION, DISTRIBUTION, ETC.
Place of publication, distribution, etc. Berlin
Name of publisher, distributor, etc. Springer-Verlag
Date of publication, distribution, etc. 1975
300 ## - PHYSICAL DESCRIPTION
Extent xix, 375p.
650 ## - SUBJECT ADDED ENTRY--TOPICAL TERM
Topical term or geographic name entry element  Stellar envelopes
9 (RLIN) 8596
650 ## - SUBJECT ADDED ENTRY--TOPICAL TERM
Topical term or geographic name entry element Stellar atmosphere 
9 (RLIN) 8597
700 ## - ADDED ENTRY--PERSONAL NAME
Personal name Baschek, B., ed.
9 (RLIN) 8598
700 ## - ADDED ENTRY--PERSONAL NAME
Personal name Kegel, W. H., ed.
9 (RLIN) 8599
700 ## - ADDED ENTRY--PERSONAL NAME
Personal name Traving, G., ed.
9 (RLIN) 8600
942 ## - ADDED ENTRY ELEMENTS (KOHA)
Koha item type Books
Holdings
Withdrawn status Lost status Damaged status Not for loan Home library Current library Shelving location Date acquired Total Checkouts Full call number Barcode Date last seen Price effective from Koha item type
        IIA Library-Bangalore IIA Library-Bangalore General Stacks 23/03/1976   524.3-852/ PRO 5402 05/11/2021 23/03/1976 Books

Powered by Koha